Německo

Hospodársko-ekonomická charakteristika Nemecka. Vzájomné vzťahy Nemecka a Českej republiky. Perspektívne trhové sektory a komodity. Vzájomný zahraničný obchod Česka a Nemecka.

Na minha lista:
Detalhes bibliográficos
Autor principal: Kotapišová, Lada
Formato: Capítulo de Livro
Idioma:tcheco
Assuntos:
Tags: Adicionar Tag
Sem tags, seja o primeiro a adicionar uma tag!

MARC

LEADER 00000naa a2200000 4500
001 r032822
005 20230920095243.0
041 0 |a cze 
044 |a CZ 
245 1 0 |a Německo  |c Lada Kotapišová 
520 |a Hospodársko-ekonomická charakteristika Nemecka. Vzájomné vzťahy Nemecka a Českej republiky. Perspektívne trhové sektory a komodity. Vzájomný zahraničný obchod Česka a Nemecka. 
610 2 0 |a obchod zahraničný 
610 2 0 |a ukazovatele ekonomické 
610 2 0 |a komodity 
610 2 0 |a bilancia obchodná 
610 2 0 |a dovoz 
610 2 0 |a vývoz 
610 2 0 |a obrat obchodný 
610 2 0 |a Nemecko 
610 2 0 |a Česko 
100 1 |a Kotapišová, Lada